[Event "1 Open internacional Amic Hotel"]
[Site "Palma de Mallorca ESP"]
[Date "2015.03.26"]
[Round "5.7"]
[White "Plaskett, H James"]
[Black "Ponce Cano, Adrian"]
[Result "1-0"]
[WhiteElo "2445"]
[BlackElo "2122"]
[PlyCount "67"]
[EventDate "2015.03.22"]
[EventType "swiss"]
[EventRounds "9"]
[EventCountry "ESP"]
[Source "lmi"]
[SourceDate "2015.03.22"]

1. e4 c5 2. Nc3 e6 3. Nf3 Nc6 4. Bb5 Nge7 5. O-O a6 6. Bxc6 Nxc6 7. d4 cxd4 8.
Nxd4 Bb4 9. Qg4 O-O 10. Bh6 Qf6 11. Nxc6 Bxc3 12. Bg5 bxc6 13. Bxf6 Bxf6 14. c3
d5 15. Rad1 a5 16. Rfe1 Ba6 17. Re3 Rfb8 18. Rd2 a4 19. a3 Bc4 20. Rf3 Be7 21.
Rg3 Bf8 22. h4 Rb7 23. Qf4 Rab8 24. h5 Rxb2 25. Rxb2 Rxb2 26. exd5 cxd5 27. Qc7
Be2 28. h6 g6 29. Qd8 Rb3 30. Re3 Bc4 31. Qd7 Bb5 32. Qc8 Rxa3 33. Rxe6 Rxc3
34. Qxc3 1-0

[Event "1 Open internacional Amic Hotel"]
[Site "Palma de Mallorca ESP"]
[Date "2015.03.26"]
[Round "5.8"]
[White "Giemsa, Stephan"]
[Black "Skytte, Rasmus"]
[Result "1/2-1/2"]
[WhiteElo "2328"]
[BlackElo "2407"]
[PlyCount "74"]
[EventDate "2015.03.22"]
[EventType "swiss"]
[EventRounds "9"]
[EventCountry "ESP"]
[Source "lmi"]
[SourceDate "2015.03.22"]

1. d4 Nf6 2. c4 e6 3. g3 c5 4. d5 exd5 5. cxd5 d6 6. Nc3 g6 7. Bg2 Bg7 8. Nf3
O-O 9. O-O Re8 10. Nd2 a6 11. a4 Nbd7 12. Ra2 Rb8 13. a5 b5 14. axb6 Nxb6 15.
b3 Ng4 16. Bb2 Ne5 17. Qc2 Bf5 18. e4 Bd7 19. Rxa6 c4 20. bxc4 Nbxc4 21. Nxc4
Nxc4 22. Ba1 Ne5 23. Rb1 Rxb1+ 24. Qxb1 Qc7 25. h3 h5 26. Qa2 Nd3 27. Ra7 Qc8
28. Ne2 Bxh3 29. Bxg7 Bxg2 30. Kxg2 Qg4 31. Bc3 Qxe4+ 32. Kg1 Qf3 33. Nd4 Qd1+
34. Kh2 h4 35. Ra8 hxg3+ 36. fxg3 Qh5+ 37. Kg1 Qd1+ 1/2-1/2

[Event "1 Open internacional Amic Hotel"]
[Site "Palma de Mallorca ESP"]
[Date "2015.03.26"]
[Round "5.9"]
[White "Sylvan, Jacob"]
[Black "Baches Garcia, Guillermo"]
[Result "1/2-1/2"]
[WhiteElo "2321"]
[BlackElo "2381"]
[PlyCount "28"]
[EventDate "2015.03.22"]
[EventType "swiss"]
[EventRounds "9"]
[EventCountry "ESP"]
[Source "lmi"]
[SourceDate "2015.03.22"]

1. e4 c5 2. Nf3 Nc6 3. Nc3 d6 4. d4 cxd4 5. Nxd4 Nf6 6. Bg5 e6 7. Qd2 h6 8. Be3
Ng4 9. O-O-O Nxe3 10. Qxe3 a6 11. Kb1 Be7 12. f4 Bd7 13. Qg3 g5 14. f5 Qb6
1/2-1/2

[Event "1 Open internacional Amic Hotel"]
[Site "Palma de Mallorca ESP"]
[Date "2015.03.26"]
[Round "5.10"]
[White "Dimitrijeski, Boris"]
[Black "Ochsner, Bjorn Moller"]
[Result "1-0"]
[WhiteElo "2276"]
[BlackElo "2359"]
[PlyCount "75"]
[EventDate "2015.03.22"]
[EventType "swiss"]
[EventRounds "9"]
[EventCountry "ESP"]
[Source "lmi"]
[SourceDate "2015.03.22"]

1. d4 Nf6 2. c4 e6 3. Nc3 c5 4. d5 exd5 5. cxd5 d6 6. Nf3 g6 7. g3 Bg7 8. Bg2
O-O 9. O-O Re8 10. Bf4 Ne4 11. Nxe4 Rxe4 12. Nd2 Rxf4 13. gxf4 Bxb2 14. Rb1 Bg7
15. Re1 Nd7 16. e4 Bh6 17. e5 Bxf4 18. e6 Ne5 19. Nf3 Qf6 20. Nxe5 Bxe5 21. Qa4
fxe6 22. Rxe5 dxe5 23. d6 Qd8 24. Bxb7 Bxb7 25. Rxb7 Qxd6 26. Rd7 Qf8 27. Qh4
h6 28. Qe4 Qe8 29. Rc7 Rc8 30. Rxa7 Rc6 31. Rb7 Rd6 32. h3 h5 33. Rc7 Rd1+ 34.
Kg2 Rd5 35. a4 Kh8 36. a5 Qd8 37. Rf7 Qg8 38. Qf3 1-0

[Event "1 Open internacional Amic Hotel"]
[Site "Palma de Mallorca ESP"]
[Date "2015.03.26"]
[Round "5.11"]
[White "Rindlisbacher, Jan"]
[Black "Teske, Henrik"]
[Result "0-1"]
[WhiteElo "2188"]
[BlackElo "2476"]
[PlyCount "64"]
[EventDate "2015.03.22"]
[EventType "swiss"]
[EventRounds "9"]
[EventCountry "ESP"]
[Source "lmi"]
[SourceDate "2015.03.22"]

1. d4 Nf6 2. c4 e6 3. Nf3 c5 4. d5 b5 5. Bf4 Qa5+ 6. Nc3 exd5 7. cxd5 d6 8. e4
b4 9. Nb1 Be7 10. Nbd2 O-O 11. Nc4 Qd8 12. Nfd2 Re8 13. Be2 Bf8 14. Qc2 Na6 15.
Qd3 Nc7 16. O-O a5 17. Qg3 Nxe4 18. Nxe4 Rxe4 19. Bd3 Rd4 20. Rad1 Ba6 21. Nxd6
Bxd3 22. Nxf7 Kxf7 23. Rxd3 Rxd3 24. Qxd3 Qxd5 25. Qxh7 Ne6 26. Be3 Be7 27. f4
Nf8 28. Qh8 Qf5 29. Rc1 Rd8 30. h3 Ne6 31. g4 Qg6 32. f5 Rxh8 0-1

[Event "1 Open internacional Amic Hotel"]
[Site "Palma de Mallorca ESP"]
[Date "2015.03.26"]
[Round "5.12"]
[White "Munoz Pantoja, Miguel"]
[Black "Schenk Papke, Andres"]
[Result "1-0"]
[WhiteElo "2401"]
[BlackElo "2086"]
[PlyCount "77"]
[EventDate "2015.03.22"]
[EventType "swiss"]
[EventRounds "9"]
[EventCountry "ESP"]
[Source "lmi"]
[SourceDate "2015.03.22"]

1. e4 c5 2. g3 d5 3. exd5 Qxd5 4. Nf3 Bg4 5. Be2 Nc6 6. Nc3 Qd7 7. d3 Nf6 8.
Be3 e5 9. Nd2 Be7 10. Nde4 Bxe2 11. Qxe2 Nxe4 12. dxe4 Nd4 13. Bxd4 cxd4 14.
Nd5 O-O 15. O-O-O Rac8 16. f4 f6 17. Kb1 Bd6 18. c3 dxc3 19. Nxc3 Qc6 20. Nd5
Qc4 21. Rhe1 Qxe2 22. Rxe2 Bc5 23. Rc2 Rc6 24. Rdc1 Bd6 25. Rxc6 bxc6 26. Rxc6
Rd8 27. f5 h5 28. Kc2 Kf7 29. b4 Rd7 30. b5 g6 31. Kd3 Be7 32. fxg6+ Kxg6 33.
h4 Bd8 34. a4 Kg7 35. Kc4 Rb7 36. Kb4 a5+ 37. Kc5 Be7+ 38. Nxe7 Rxe7 39. b6 1-0

[Event "1 Open internacional Amic Hotel"]
[Site "Palma de Mallorca ESP"]
[Date "2015.03.27"]
[Round "6.1"]
[White "Stopa, Jacek"]
[Black "Fedorchuk, Sergey A"]
[Result "0-1"]
[WhiteElo "2544"]
[BlackElo "2650"]
[PlyCount "56"]
[EventDate "2015.03.22"]
[EventType "swiss"]
[EventRounds "9"]
[EventCountry "ESP"]
[Source "lmi"]
[SourceDate "2015.03.22"]

1. d4 Nf6 2. c4 e6 3. Nc3 Bb4 4. f3 O-O 5. e4 d5 6. e5 Nfd7 7. a3 Bxc3+ 8. bxc3
dxc4 9. f4 Nb6 10. a4 a5 11. Nf3 Bd7 12. Qc2 f5 13. exf6 gxf6 14. Nd2 Qe8 15.
Nxc4 Bxa4 16. Qa2 N8d7 17. Bd3 Bc6 18. Nxa5 Ba4 19. Nxb7 Bb5 20. Qxa8 Nxa8 21.
Bxb5 c6 22. Nd6 Qb8 23. Bxc6 Qc7 24. d5 Qxd6 25. Rxa8 Rxa8 26. Bxa8 Nb6 27. Bb7
Qc7 28. Ba6 Nxd5 0-1

[Event "1 Open internacional Amic Hotel"]
[Site "Palma de Mallorca ESP"]
[Date "2015.03.27"]
[Round "6.3"]
[White "Dimitrijeski, Boris"]
[Black "Plaskett, H James"]
[Result "1/2-1/2"]
[WhiteElo "2276"]
[BlackElo "2445"]
[PlyCount "56"]
[EventDate "2015.03.22"]
[EventType "swiss"]
[EventRounds "9"]
[EventCountry "ESP"]
[Source "lmi"]
[SourceDate "2015.03.22"]

1. d4 Nf6 2. c4 e6 3. g3 c5 4. d5 exd5 5. cxd5 g6 6. Nc3 d6 7. Bg2 Bg7 8. Nf3
O-O 9. O-O a6 10. a4 Re8 11. Bf4 h6 12. Qc1 g5 13. Bd2 Nh5 14. h4 g4 15. Ne1
Qf6 16. Nc2 Nd7 17. Rb1 Ne5 18. Ne3 Qg6 19. b4 c4 20. b5 f5 21. Nc2 Rf8 22.
bxa6 Rxa6 23. Nd4 f4 24. Be4 Qf6 25. Bxf4 Nxf4 26. Qxf4 Nf3+ 27. exf3 Qxd4 28.
Nb5 Qc5 1/2-1/2

[Event "1 Open internacional Amic Hotel"]
[Site "Palma de Mallorca ESP"]
[Date "2015.03.27"]
[Round "6.4"]
[White "Baches Garcia, Guillermo"]
[Black "Kovchan, Alexander"]
[Result "0-1"]
[WhiteElo "2381"]
[BlackElo "2576"]
[PlyCount "76"]
[EventDate "2015.03.22"]
[EventType "swiss"]
[EventRounds "9"]
[EventCountry "ESP"]
[Source "lmi"]
[SourceDate "2015.03.22"]

1. e4 c5 2. Nf3 d6 3. d4 cxd4 4. Nxd4 Nf6 5. Nc3 a6 6. Be2 e5 7. Nb3 Be7 8. Bg5
Nbd7 9. a4 h6 10. Bh4 Qc7 11. O-O b6 12. Nd2 g5 13. Bg3 Bb7 14. Bc4 Nc5 15. Re1
h5 16. f3 Ne6 17. Ba2 g4 18. Bf2 Rg8 19. Nc4 gxf3 20. Qxf3 Ng5 21. Qd3 Ngxe4
22. Nxe4 Nxe4 23. Rxe4 d5 24. Nxb6 dxe4 25. Nxa8 Rxg2+ 26. Kf1 Bxa8 27. Qxa6
Bb7 28. Qb5+ Bc6 29. Qc4 Rg7 30. b4 e3 31. Bg3 h4 32. b5 hxg3 33. hxg3 Rh7 34.
bxc6 e4 35. Qxe4 Qxg3 36. Ke2 Qf2+ 37. Kd3 Qd2+ 38. Kc4 Rh4 0-1

[Event "1 Open internacional Amic Hotel"]
[Site "Palma de Mallorca ESP"]
[Date "2015.03.27"]
[Round "6.5"]
[White "Del Rio De Angelis, Salvador G"]
[Black "Munoz Pantoja, Miguel"]
[Result "1/2-1/2"]
[WhiteElo "2519"]
[BlackElo "2401"]
[PlyCount "25"]
[EventDate "2015.03.22"]
[EventType "swiss"]
[EventRounds "9"]
[EventCountry "ESP"]
[Source "lmi"]
[SourceDate "2015.03.22"]

1. d4 Nf6 2. c4 c5 3. d5 e6 4. Nc3 exd5 5. cxd5 d6 6. e4 g6 7. h3 Bg7 8. Nf3
O-O 9. Bg5 Re8 10. Bd3 h6 11. Be3 a6 12. a4 Nbd7 13. O-O 1/2-1/2

[Event "1 Open internacional Amic Hotel"]
[Site "Palma de Mallorca ESP"]
[Date "2015.03.27"]
[Round "6.6"]
[White "Teske, Henrik"]
[Black "Blechzin, Igor"]
[Result "1-0"]
[WhiteElo "2476"]
[BlackElo "2354"]
[PlyCount "41"]
[EventDate "2015.03.22"]
[EventType "swiss"]
[EventRounds "9"]
[EventCountry "ESP"]
[Source "lmi"]
[SourceDate "2015.03.22"]

1. d4 Nf6 2. c4 c5 3. Nf3 cxd4 4. Nxd4 e6 5. g3 d5 6. Bg2 e5 7. Nb3 d4 8. O-O
Nc6 9. f4 e4 10. f5 a5 11. e3 dxe3 12. Qxd8+ Nxd8 13. Bxe3 Ng4 14. Bc5 Bxc5+
15. Nxc5 Ne3 16. Rf2 Bxf5 17. Nc3 O-O 18. b3 Nxg2 19. Kxg2 Bg6 20. Nd5 Rc8 21.
Ne7+ 1-0

[Event "1 Open internacional Amic Hotel"]
[Site "Palma de Mallorca ESP"]
[Date "2015.03.27"]
[Round "6.7"]
[White "Rehn, Ralf"]
[Black "Czakon, Jakub"]
[Result "0-1"]
[WhiteElo "2138"]
[BlackElo "2475"]
[PlyCount "88"]
[EventDate "2015.03.22"]
[EventType "swiss"]
[EventRounds "9"]
[EventCountry "ESP"]
[Source "lmi"]
[SourceDate "2015.03.22"]

1. d4 f5 2. g3 Nf6 3. Bg2 e6 4. c4 d5 5. cxd5 exd5 6. Bg5 c6 7. Nf3 Bd6 8. O-O
Qe7 9. e3 O-O 10. Nc3 Nbd7 11. Bf4 Bxf4 12. exf4 Qb4 13. Qc2 Nb6 14. a3 Qd6 15.
Rfe1 Bd7 16. Ne5 g6 17. Na4 Nxa4 18. Qxa4 Rfc8 19. Rac1 Be8 20. Qc2 Bf7 21. Qc5
Qxc5 22. Rxc5 Ne8 23. Rec1 Nd6 24. Bf1 a5 25. a4 Rd8 26. f3 Ne8 27. R5c3 Nc7
28. Rd1 Ne6 29. Kf2 Rac8 30. Rd2 Rc7 31. Be2 Kf8 32. Nxf7 Kxf7 33. Rb3 Ke7 34.
Rb6 Kd6 35. b4 Ra8 36. b5 Nxd4 37. bxc6 bxc6 38. Bd1 Ne6 39. Bb3 Kc5 40. Rb2
Kxb6 41. Bxd5+ Ka7 42. Bxe6 Re7 43. Bc4 Rb8 44. Rc2 Rb4 0-1

[Event "1 Open internacional Amic Hotel"]
[Site "Palma de Mallorca ESP"]
[Date "2015.03.27"]
[Round "6.8"]
[White "Smirnov, Artem"]
[Black "Giemsa, Stephan"]
[Result "1/2-1/2"]
[WhiteElo "2456"]
[BlackElo "2328"]
[PlyCount "50"]
[EventDate "2015.03.22"]
[EventType "swiss"]
[EventRounds "9"]
[EventCountry "ESP"]
[Source "lmi"]
[SourceDate "2015.03.22"]

1. d4 Nf6 2. c4 g6 3. Nc3 d5 4. cxd5 Nxd5 5. Bd2 Bg7 6. e4 Nxc3 7. Bxc3 O-O 8.
Qd2 c5 9. d5 e6 10. Bc4 Bxc3 11. bxc3 exd5 12. Bxd5 Nd7 13. Nf3 Nf6 14. O-O Re8
15. Rfe1 Be6 16. c4 Bxd5 17. exd5 Qd6 18. Qb2 b6 19. Ne5 b5 20. cxb5 Qxd5 21.
Rad1 Qe6 22. Qc3 Qxa2 23. h3 Re6 24. Ra1 Qd5 25. Rad1 Qa2 1/2-1/2

[Event "1 Open internacional Amic Hotel"]
[Site "Palma de Mallorca ESP"]
[Date "2015.03.27"]
[Round "6.10"]
[White "Skytte, Rasmus"]
[Black "Rhein, Klaus"]
[Result "1-0"]
[WhiteElo "2407"]
[BlackElo "2182"]
[PlyCount "64"]
[EventDate "2015.03.22"]
[EventType "swiss"]
[EventRounds "9"]
[EventCountry "ESP"]
[Source "lmi"]
[SourceDate "2015.03.22"]

1. d4 e6 2. e4 d5 3. Nd2 dxe4 4. Nxe4 Bd7 5. Nf3 Bc6 6. Bd3 Nd7 7. O-O Ngf6 8.
Ned2 Bxf3 9. Qxf3 c6 10. Nc4 Nb6 11. c3 Nxc4 12. Bxc4 Qc7 13. Re1 Bd6 14. h3
O-O 15. Bg5 Nd5 16. Re4 Be7 17. Bxe7 Qxe7 18. Rae1 Rad8 19. Bb3 c5 20. Re5 Qc7
21. c4 Ne7 22. Rxc5 Qd7 23. Rd1 b6 24. Rg5 h6 25. Re5 Qc7 26. Ree1 Rd6 27. d5
exd5 28. cxd5 Rfd8 29. Qe4 Ng6 30. Rc1 Qd7 31. Rc6 Rc8 32. Ba4 Qd8 1-0

[Event "1 Open internacional Amic Hotel"]
[Site "Palma de Mallorca ESP"]
[Date "2015.03.27"]
[Round "6.11"]
[White "Abergel, Thal"]
[Black "Sylvan, Jacob"]
[Result "1/2-1/2"]
[WhiteElo "2425"]
[BlackElo "2321"]
[PlyCount "41"]
[EventDate "2015.03.22"]
[EventType "swiss"]
[EventRounds "9"]
[EventCountry "ESP"]
[Source "lmi"]
[SourceDate "2015.03.22"]

1. e4 c5 2. Nc3 Nc6 3. Bb5 Nd4 4. Bc4 a6 5. Nf3 b5 6. Bd5 Rb8 7. Nxd4 cxd4 8.
Ne2 Nf6 9. Bb3 Nxe4 10. Nxd4 e6 11. O-O Qc7 12. d3 Nf6 13. Qe2 Bb7 14. h3 Bc5
15. Nf3 O-O 16. c3 Nd5 17. d4 Bd6 18. Bc2 Nf4 19. Bxf4 Bxf4 20. Be4 Bxe4 21.
Qxe4 1/2-1/2

[Event "1 Open internacional Amic Hotel"]
[Site "Palma de Mallorca ESP"]
[Date "2015.03.28"]
[Round "7.2"]
[White "Czakon, Jakub"]
[Black "Hasangatin, Ramil"]
[Result "1/2-1/2"]
[WhiteElo "2475"]
[BlackElo "2501"]
[PlyCount "49"]
[EventDate "2015.03.22"]
[EventType "swiss"]
[EventRounds "9"]
[EventCountry "ESP"]
[Source "lmi"]
[SourceDate "2015.03.22"]

1. e4 d5 2. exd5 Qxd5 3. Nc3 Qd6 4. d4 Nf6 5. Nf3 c6 6. Ne5 Nbd7 7. Bf4 Nd5 8.
Nxd5 Qxd5 9. Be2 Nxe5 10. Bxe5 Qxg2 11. Bf3 Qh3 12. Qe2 Qe6 13. d5 cxd5 14.
O-O-O f6 15. Bxd5 Qxe5 16. Qc4 e6 17. Rhe1 exd5 18. Qb5+ Kf7 19. Rxe5 fxe5 20.
Rd3 Be7 21. Qxd5+ Be6 22. Qf3+ Bf6 23. Qxb7+ Kg6 24. Qe4+ Kf7 25. Qb7+ 1/2-1/2

[Event "1 Open internacional Amic Hotel"]
[Site "Palma de Mallorca ESP"]
[Date "2015.03.28"]
[Round "7.3"]
[White "Pogorelov, Ruslan"]
[Black "Teske, Henrik"]
[Result "1/2-1/2"]
[WhiteElo "2303"]
[BlackElo "2476"]
[PlyCount "42"]
[EventDate "2015.03.22"]
[EventType "swiss"]
[EventRounds "9"]
[EventCountry "ESP"]
[Source "lmi"]
[SourceDate "2015.03.22"]

1. Nf3 c5 2. c4 Nc6 3. d4 cxd4 4. Nxd4 g6 5. e4 Nf6 6. Nc3 d6 7. Be2 Nxd4 8.
Qxd4 Bg7 9. Bg5 O-O 10. Qd2 Be6 11. Rc1 a6 12. b3 Qa5 13. f3 Rfc8 14. Nd5 Qxd2+
15. Kxd2 Bxd5 16. cxd5 Kf8 17. Be3 e6 18. dxe6 fxe6 19. Rxc8+ Rxc8 20. Rc1 Rxc1
21. Kxc1 Ke7 1/2-1/2

[Event "1 Open internacional Amic Hotel"]
[Site "Palma de Mallorca ESP"]
[Date "2015.03.28"]
[Round "7.4"]
[White "Starostits, Ilmars"]
[Black "Dimitrijeski, Boris"]
[Result "0-1"]
[WhiteElo "2453"]
[BlackElo "2276"]
[PlyCount "56"]
[EventDate "2015.03.22"]
[EventType "swiss"]
[EventRounds "9"]
[EventCountry "ESP"]
[Source "lmi"]
[SourceDate "2015.03.22"]

1. d4 d5 2. c4 c6 3. Nf3 Nf6 4. e3 Bf5 5. Nc3 a6 6. Qb3 b5 7. cxd5 cxd5 8. a4
b4 9. Qxb4 Nc6 10. Qb3 Rb8 11. Qd1 Nb4 12. e4 Nxe4 13. Bf4 Nxc3 14. bxc3 Nc2+
15. Kd2 e5 16. Bxe5 Nxa1 17. Bxb8 Qxb8 18. Qxa1 Qf4+ 19. Kd1 Bd6 20. Bxa6 O-O
21. Re1 Qg4 22. a5 Rb8 23. Qa4 Bd7 24. Qa2 Qxg2 25. Nd2 Qxf2 26. Be2 Qe3 27.
Qc2 Bf4 28. Bf3 Rb1+ 0-1

[Event "1 Open internacional Amic Hotel"]
[Site "Palma de Mallorca ESP"]
[Date "2015.03.28"]
[Round "7.5"]
[White "Plaskett, H James"]
[Black "Skytte, Rasmus"]
[Result "1/2-1/2"]
[WhiteElo "2445"]
[BlackElo "2407"]
[PlyCount "43"]
[EventDate "2015.03.22"]
[EventType "swiss"]
[EventRounds "9"]
[EventCountry "ESP"]
[Source "lmi"]
[SourceDate "2015.03.22"]

1. e4 c5 2. Nc3 e6 3. Nf3 Nc6 4. Bb5 Nd4 5. O-O a6 6. Bd3 Nc6 7. Be2 Nd4 8. d3
Ne7 9. Nxd4 cxd4 10. Nb1 Nc6 11. Nd2 Be7 12. f4 d5 13. Nf3 O-O 14. Qe1 Bd7 15.
Kh1 Rc8 16. a3 Qb6 17. e5 f6 18. b3 fxe5 19. fxe5 Rf5 20. Qg3 Rcf8 21. Bb2 Be8
22. Rae1 1/2-1/2

[Event "1 Open internacional Amic Hotel"]
[Site "Palma de Mallorca ESP"]
[Date "2015.03.28"]
[Round "7.6"]
[White "Sylvan, Jacob"]
[Black "Stopa, Jacek"]
[Result "1/2-1/2"]
[WhiteElo "2321"]
[BlackElo "2544"]
[PlyCount "54"]
[EventDate "2015.03.22"]
[EventType "swiss"]
[EventRounds "9"]
[EventCountry "ESP"]
[Source "lmi"]
[SourceDate "2015.03.22"]

1. e4 c5 2. c3 Qa5 3. Na3 e6 4. Nf3 Nc6 5. Nc4 Qc7 6. d4 b5 7. Ne3 Rb8 8. Bd3
cxd4 9. cxd4 Bb4+ 10. Bd2 Qa5 11. a3 Bxd2+ 12. Qxd2 Qxd2+ 13. Kxd2 Na5 14. Rae1
Ba6 15. Kc2 Ne7 16. Kb1 O-O 17. Rc1 f5 18. exf5 exf5 19. Rc7 Rb7 20. Rxb7 Nxb7
21. Rc1 f4 22. Nc2 Nd6 23. Nb4 Bb7 24. Rc7 Rd8 25. Be2 a5 26. Nd3 Bxf3 27. gxf3
Nc6 1/2-1/2

[Event "1 Open internacional Amic Hotel"]
[Site "Palma de Mallorca ESP"]
[Date "2015.03.28"]
[Round "7.7"]
[White "Dukaczewski, Piotr"]
[Black "Del Rio De Angelis, Salvador G"]
[Result "0-1"]
[WhiteElo "2295"]
[BlackElo "2519"]
[PlyCount "76"]
[EventDate "2015.03.22"]
[EventType "swiss"]
[EventRounds "9"]
[EventCountry "ESP"]
[Source "lmi"]
[SourceDate "2015.03.22"]

1. e4 c5 2. Nf3 e6 3. d3 Nc6 4. g3 d6 5. Bg2 Nf6 6. O-O Be7 7. Re1 O-O 8. c3 b6
9. Nbd2 Bb7 10. Qe2 Re8 11. a3 Qc7 12. b4 cxb4 13. cxb4 a5 14. b5 Ne5 15. Bb2
Nxf3+ 16. Bxf3 a4 17. Bd4 e5 18. Rec1 Qd8 19. Bb2 Nd7 20. Rc2 Nc5 21. Rb1 Bc8
22. Nc4 Bd7 23. d4 exd4 24. Bxd4 Rb8 25. Qe3 Bf8 26. Bxc5 bxc5 27. b6 d5 28.
Rd2 dxc4 29. Rbd1 Re7 30. Bg4 Rb7 31. Qxc5 Qe8 32. f3 Rb8 33. Qxc4 Bxg4 34.
fxg4 Rxe4 35. Qc7 Re1+ 36. Kg2 Rxd1 37. Rxd1 Qe2+ 38. Kh3 Rxb6 0-1

[Event "1 Open internacional Amic Hotel"]
[Site "Palma de Mallorca ESP"]
[Date "2015.03.28"]
[Round "7.8"]
[White "Cardenas Serrano, Sergio"]
[Black "Smirnov, Artem"]
[Result "0-1"]
[WhiteElo "2124"]
[BlackElo "2456"]
[PlyCount "84"]
[EventDate "2015.03.22"]
[EventType "swiss"]
[EventRounds "9"]
[EventCountry "ESP"]
[Source "lmi"]
[SourceDate "2015.03.22"]

1. e4 c5 2. Nc3 Nc6 3. f4 g6 4. Nf3 Bg7 5. Bb5 Nd4 6. O-O Nxb5 7. Nxb5 d5 8.
exd5 a6 9. Nc3 Nf6 10. d4 c4 11. Qe2 O-O 12. Qxc4 b5 13. Qe2 b4 14. Ne4 Nxe4
15. Qxe4 Bf5 16. Qe1 Rc8 17. c3 Qxd5 18. Bd2 bxc3 19. Bxc3 Be4 20. Qd2 Rfd8 21.
Ne5 f6 22. Ng4 Qd7 23. Nf2 Bb7 24. Qe2 Bd5 25. Rfe1 Qf5 26. Qg4 Kf7 27. Qxf5
gxf5 28. Nd3 h5 29. Re3 Rg8 30. Rae1 Bf8 31. g3 e6 32. a3 h4 33. Rc1 Bd6 34.
Bd2 Rxc1+ 35. Bxc1 Rc8 36. Nc5 e5 37. Re1 exd4 38. b4 Bxc5 39. bxc5 Rxc5 40.
Rd1 Bf3 41. Re1 Rc2 42. gxh4 d3 0-1

[Event "1 Open internacional Amic Hotel"]
[Site "Palma de Mallorca ESP"]
[Date "2015.03.28"]
[Round "7.9"]
[White "Munoz Pantoja, Miguel"]
[Black "Ermeni, Avni"]
[Result "1-0"]
[WhiteElo "2401"]
[BlackElo "2301"]
[PlyCount "87"]
[EventDate "2015.03.22"]
[EventType "swiss"]
[EventRounds "9"]
[EventCountry "ESP"]
[Source "lmi"]
[SourceDate "2015.03.22"]

1. e4 Nf6 2. e5 Nd5 3. d4 d6 4. Nf3 g6 5. c4 Nb6 6. Nc3 Bg7 7. Be3 O-O 8. c5
N6d7 9. cxd6 cxd6 10. exd6 exd6 11. Be2 Nc6 12. O-O Nb6 13. h3 d5 14. Re1 Bf5
15. Qd2 Re8 16. Bh6 Bh8 17. Bb5 Qd6 18. Bf4 Qb4 19. Bxc6 bxc6 20. b3 c5 21. Be5
Bxe5 22. dxe5 Kg7 23. Rac1 h6 24. g4 Bxg4 25. a3 Qxb3 26. hxg4 d4 27. Qd1 Qe6
28. Ne4 Qxg4+ 29. Ng3 Rac8 30. Re4 Qe6 31. Qd2 Nd5 32. Rh4 Rh8 33. Kh2 g5 34.
Nxg5 hxg5 35. Qxg5+ Qg6 36. Nf5+ Kg8 37. Rg1 Rh7 38. Ne7+ Nxe7 39. Qxe7 Rxh4+
40. Qxh4 Kg7 41. Qf6+ Kh6 42. Rxg6+ fxg6 43. e6 d3 44. e7 1-0

[Event "1 Open internacional Amic Hotel"]
[Site "Palma de Mallorca ESP"]
[Date "2015.03.28"]
[Round "7.10"]
[White "Schmit, Vincent"]
[Black "Ochsner, Bjorn Moller"]
[Result "0-1"]
[WhiteElo "2017"]
[BlackElo "2359"]
[PlyCount "72"]
[EventDate "2015.03.22"]
[EventType "swiss"]
[EventRounds "9"]
[EventCountry "ESP"]
[Source "lmi"]
[SourceDate "2015.03.22"]

1. e4 c5 2. Nf3 d6 3. Bb5+ Nc6 4. O-O Bd7 5. c3 a6 6. Bxc6 Bxc6 7. Re1 Nf6 8.
d4 Bxe4 9. Bg5 Bd5 10. Nbd2 e6 11. c4 Bxf3 12. Qxf3 cxd4 13. Bxf6 gxf6 14. Qxb7
Be7 15. Qc6+ Kf8 16. Nf3 e5 17. Nh4 Qc8 18. Qe4 Rb8 19. b3 Qb7 20. Qd3 h5 21.
Re4 Rg8 22. f4 Rg4 23. Nf5 Qd7 24. h3 Qxf5 25. hxg4 hxg4 26. Rf1 Qh5 27. f5 Bd8
28. a3 Bb6 29. b4 d5 30. cxd5 g3 31. Rf3 Qh2+ 32. Kf1 Qh1+ 33. Ke2 Qxg2+ 34.
Kd1 Rc8 35. Re2 Qh1+ 36. Re1 g2 0-1

[Event "1 Open internacional Amic Hotel"]
[Site "Palma de Mallorca ESP"]
[Date "2015.03.28"]
[Round "7.11"]
[White "Giemsa, Stephan"]
[Black "Ponce Cano, Adrian"]
[Result "1/2-1/2"]
[WhiteElo "2328"]
[BlackElo "2122"]
[PlyCount "61"]
[EventDate "2015.03.22"]
[EventType "swiss"]
[EventRounds "9"]
[EventCountry "ESP"]
[Source "lmi"]
[SourceDate "2015.03.22"]

1. d4 d5 2. c4 e6 3. Nf3 Nf6 4. g3 c5 5. cxd5 exd5 6. Bg2 Nc6 7. O-O Be7 8. Nc3
O-O 9. dxc5 Bxc5 10. Na4 Be7 11. b3 a6 12. Bb2 Be6 13. Rc1 Rc8 14. Nd4 Nxd4 15.
Qxd4 b5 16. Nc5 Bg4 17. f3 Qb6 18. b4 Be6 19. a3 a5 20. e3 axb4 21. axb4 Rfd8
22. Rfd1 Ne8 23. Bf1 Bf6 24. Qd2 Bxb2 25. Qxb2 Nd6 26. Bd3 Nc4 27. Qd4 Ra8 28.
Ra1 Qc6 29. g4 Qe8 30. Kf2 Qe7 31. Kg3 1/2-1/2

[Event "1 Open internacional Amic Hotel"]
[Site "Palma de Mallorca ESP"]
[Date "2015.03.28"]
[Round "8.1"]
[White "Dimitrijeski, Boris"]
[Black "Fedorchuk, Sergey A"]
[Result "1/2-1/2"]
[WhiteElo "2276"]
[BlackElo "2650"]
[PlyCount "37"]
[EventDate "2015.03.22"]
[EventType "swiss"]
[EventRounds "9"]
[EventCountry "ESP"]
[Source "lmi"]
[SourceDate "2015.03.22"]

1. d4 Nf6 2. c4 e6 3. Nc3 Bb4 4. Qc2 c5 5. dxc5 Bxc5 6. Nf3 h6 7. g3 a6 8. Bg2
Be7 9. O-O Qc7 10. b3 O-O 11. Bf4 d6 12. Rfd1 Nbd7 13. Qd2 Ne5 14. h3 Nxf3+ 15.
exf3 Rd8 16. Ne4 Nxe4 17. fxe4 e5 18. Be3 b5 19. cxb5 1/2-1/2

[Event "1 Open internacional Amic Hotel"]
[Site "Palma de Mallorca ESP"]
[Date "2015.03.28"]
[Round "8.2"]
[White "Del Rio De Angelis, Salvador G"]
[Black "Hasangatin, Ramil"]
[Result "1/2-1/2"]
[WhiteElo "2519"]
[BlackElo "2501"]
[PlyCount "49"]
[EventDate "2015.03.22"]
[EventType "swiss"]
[EventRounds "9"]
[EventCountry "ESP"]
[Source "lmi"]
[SourceDate "2015.03.22"]

1. d4 d5 2. c4 c6 3. Nc3 dxc4 4. e3 b5 5. a4 b4 6. Ne4 Qd5 7. Ng3 Nf6 8. Be2 e6
9. e4 Nxe4 10. Bf3 f5 11. Qe2 b3 12. Nxe4 fxe4 13. Bxe4 Qa5+ 14. Bd2 Bb4 15.
Nf3 Ba6 16. Bxb4 Qxb4+ 17. Qd2 Qd6 18. Ne5 O-O 19. Rc1 Nd7 20. Nxc4 Bxc4 21.
Rxc4 Rac8 22. O-O Nb6 23. Rc3 Nxa4 24. Rxb3 Nb6 25. Rh3 1/2-1/2